| 000 | 01746cam a22004457i 4500 | ||
|---|---|---|---|
| 001 | 21150161 | ||
| 003 | IVS | ||
| 005 | 20250626031026.0 | ||
| 008 | 190826s2019 stk 000 0aeng d | ||
| 010 | _a 2018493572 | ||
| 015 |
_aGBB943010 _2bnb |
||
| 016 | 7 |
_a019282509 _2Uk |
|
| 020 |
_a9781786893451 _qhardcover |
||
| 020 |
_a1786893452 _qhardcover |
||
| 020 |
_a1786893460 _qpaperback |
||
| 020 |
_a9781786893468 _qpaperback |
||
| 020 |
_z9781786893475 _qePub ebook |
||
| 035 | _a(OCoLC)on1061820534 | ||
| 040 |
_aYDX _beng _cYDX _erda _dOCLCQ _dUKMGB _dOCLCO _dOCLCF _dATNSH _dYDXIT _dNZHWP _dDLC |
||
| 042 | _alccopycat | ||
| 043 | _aa-ir--- | ||
| 050 | 0 | 0 |
_aHV640.5.I73 _bN39 2019 |
| 082 | 0 | 0 |
_a305.906914 /NAY _223 _b20729 |
| 100 | 1 | _aNayeri, Dina | |
| 245 | 1 | 4 | _aThe ungrateful refugee |
| 260 |
_aEdinburgh _bCanongate, _c2019. |
||
| 300 |
_ax, 370 pages ; _c23 cm |
||
| 336 |
_atext _btxt _2rdacontent |
||
| 520 | _aWhat is it like to be a refugee? It is a question many of us do not give much thought, and yet there are more than 25 million refugees in the world. To be a refugee is to grapple with your place in society, attempting to reconcile the life you have known with a new, unfamiliar home. | ||
| 600 | 1 | 0 |
_aNayeri, Dina _xChildhood and youth. |
| 650 | 0 |
_aRefugee children _zIran. |
|
| 650 | 0 |
_aRefugee children _xSocial conditions. |
|
| 650 | 7 |
_aRefugee children. _2fast _0(OCoLC)fst01092779 |
|
| 650 | 7 |
_aRefugee children _xSocial conditions. _2fast _0(OCoLC)fst01092792 |
|
| 651 | 7 |
_aIran. _2fast _0(OCoLC)fst01204889 |
|
| 776 | 0 | 8 | _z9781786893475 |
| 906 |
_a7 _bcbc _ccopycat _d3 _encip _f20 _gy-gencatlg |
||
| 942 |
_2ddc _cBK _n0 |
||
| 999 |
_c14409 _d14409 |
||